00423nam a2200157Ia 4500003000400000005001700004008004100021020001800062040000900080082002300089100001400112245007000126260004800196300000900244650001200253OSt20201023110804.0190216s9999||||xx |||||||||||||| ||und|| a9780195689587 coclc a891.4301080bRAJ/G aRaja, Ira 3aGrey Areas : An Anthology Of Indian Fiction On Ageing /cIra Raja bOxford University Press,c2010.aNew Delhi: a253p aEnglish